[Event "Rio de Janeiro-ch Absoluto 04"]
[Site "Rio de Janeiro"]
[Date "2005.01.22"]
[Round "1"]
[White "Rios Filho, Hilton Carlos da Si"]
[Black "Toledano, Jose"]
[Result "1-0"]
[WhiteElo "2228"]
[BlackElo "2002"]
[PlyCount "47"]
[EventDate "2005.01.22"]
[EventType "swiss"]
[EventRounds "6"]
[EventCountry "BRA"]
[SourceTitle "EXT 2007"]
[Source "ChessBase"]
[SourceDate "2006.11.23"]
[SourceVersion "1"]
[SourceVersionDate "2006.11.23"]
[SourceQuality "1"]

1. d4 Nf6 2. c4 e6 3. g3 d5 4. Bg2 Be7 5. Nf3 c6 6. Qc2 0-0 7. 0-0 Nbd7 8. Nbd2 b6 9. e4 dxe4 10. Nxe4 Bb7 11. Bf4 Nxe4 12. Qxe4 Nf6 13. Qe2 Bd6 14. Ne5 Rc8 15. Rad1 Qe7 16. a3 a5 17. Rfe1 Rfd8 18. Rd3 Nd7 19. Rb3 a4 20. Rc3 Nb8 21. Be4 Qe8 22. Qc2 g6 23. Qxa4 Be7 24. Qa7 1-0